000 00553nam a2200193Ia 4500
005 20250508154105.0
008 008 250505s9999 xx 000 0 eng d
037 _aTextual
040 _aFEDL
_beng
_cFEDL
041 _aeng
_2eng
084 _a300.7, JAR
_qFEDL
100 _aJarolimek John
245 0 _aSocial studies in elementary education
260 _aNew York, USA
_bThe Macmillan Company
_c1959
300 _ax,400p.
650 _aSocial Science-Teaching
_9756472
942 _cTEXL
_h300.7, JAR
999 _c1347551
_d1347551